<?xml version="1.0" encoding="UTF-8"?>
<collection xmlns="http://www.loc.gov/MARC21/slim">
  <record>
    <leader>00000nam  2200000   4500</leader>
    <controlfield tag="001">INLIS000000000018994</controlfield>
    <controlfield tag="005">20250122025050</controlfield>
    <datafield tag="035" ind1="#" ind2="#">
      <subfield code="a">0010-0125000138</subfield>
    </datafield>
    <controlfield tag="007">ta</controlfield>
    <controlfield tag="008">250122################g##########0#ind##</controlfield>
    <datafield tag="020" ind1="#" ind2="#">
      <subfield code="a">978-602-474-883-8</subfield>
    </datafield>
    <datafield tag="100" ind1=" " ind2="#">
      <subfield code="a">Diyah</subfield>
    </datafield>
    <datafield tag="245" ind1="1" ind2="#">
      <subfield code="a">Artikel Ilmiah Populer /</subfield>
      <subfield code="c">Diyah</subfield>
    </datafield>
    <datafield tag="260" ind1="#" ind2="#">
      <subfield code="a">Sukabumi :</subfield>
      <subfield code="b">Jejak Publisher,</subfield>
      <subfield code="c">2019</subfield>
    </datafield>
    <datafield tag="300" ind1="#" ind2="#">
      <subfield code=";"/>
      <subfield code="c">2.6 MB</subfield>
    </datafield>
    <datafield tag="650" ind1="#" ind2="4">
      <subfield code="a">Artikel Ilmiah Populer</subfield>
    </datafield>
    <datafield tag="520" ind1="#" ind2="#">
      <subfield code="a">Guru merupakan sebuah profesi. Salah satu parameter profesionalisme guru dilihat melalui karyanya. Karya para guru tentu berkaitan dengan tugas pokoknya dalam pembelajaran. Karya guru terangkum dalam kegiatan Pengembangan Keprofesian Berkelanjutan (PKB). Tujuan PKB untuk meningkatkan kompetensi guru dan pada akhirnya meningkatkan kualitas pelayanan kepada siswa.&#13;
&#13;
Kenaikan pangkat bagi guru ASN mewajibkan nilai dari unsur kegiatan PKB. Salah satu sub unsur kegiatan PKB adalah publikasi ilmiah. Artikel ilmiah populer merupakan salah satu jenis tulisan yang dapat dipilih guru sebagai salah satu jenis kegiatan publikasi ilmiah.&#13;
&#13;
Artikel ilmiah populer merupakan tulisan ilmiah dalam bidang pendidikan berupa ide, gagasan atau pengalaman guru yang dimuat di media massa. Tulisan ini membahas apa itu artikel ilmiah populer, bagaimana menerbitkan, kiat menulis dan beberapa contoh artikel penulis di koran beserta serba-serbinya.</subfield>
    </datafield>
    <datafield tag="856" ind1="#" ind2="#">
      <subfield code="a">https://web-ipustakalan.moco.co.id/book/cca69662-1bd2-4bd4-8a03-6a34ed572245</subfield>
    </datafield>
    <datafield tag="082" ind1="#" ind2="#">
      <subfield code="a">818</subfield>
    </datafield>
    <datafield tag="084" ind1="#" ind2="#">
      <subfield code="a">818 DIY a</subfield>
    </datafield>
    <datafield tag="990" ind1="#" ind2="#">
      <subfield code="a">2024/4/A/0045</subfield>
    </datafield>
    <datafield tag="990" ind1="#" ind2="#">
      <subfield code="a">2024/4/A/0046</subfield>
    </datafield>
  </record>
</collection>
